Sports Quiz

Random Sports or MLB Quiz
Score 0/41 Timer 05:00
0 Plays Today
Year Pitcher % Correct
2007Johan Santana
99.4%
2006Johan Santana
99.4%
2005Johan Santana
99.4%
2004Johan Santana
99.4%
1987Bert Blyleven
94.4%
1986Bert Blyleven
94.4%
1975Bert Blyleven
94.4%
2003Brad Radke
92.7%
2000Brad Radke
92.7%
1999Brad Radke
92.7%
1998Brad Radke
92.7%
1997Brad Radke
92.7%
1996Brad Radke
92.7%
1995Brad Radke
92.7%
1988Frank Viola
92.1%
1984Frank Viola
92.1%
1983Frank Viola
92.1%
1991Jack Morris
87%
1978Roger Erickson
78%
2014Phil Hughes
75.1%
1994Kevin Tapani
68.9%
Year Pitcher % Correct
1993Kevin Tapani
68.9%
2015Kyle Gibson
65%
2011Carl Pavano
63.3%
2010Carl Pavano
63.3%
2001Joe Mays
57.6%
1980Jerry Koosman
54.2%
1979Jerry Koosman
54.2%
1977Dave Goltz
54.2%
1976Dave Goltz
54.2%
1990Allan Anderson
53.7%
1989Allan Anderson
53.7%
1985Mike Smithson
40.7%
2009Nick Blackburn
39.5%
2008Nick Blackburn
39.5%
1981Albert Williams
37.9%
1992John Smiley
37.3%
2013Kevin Correia
33.9%
2002Rick Reed
29.9%
2012Scott Diamond
29.4%
1982Bobby Castillo
23.2%
Remove Ads.
Support Sporcle.
Get the best of Sporcle when you Go Orange. This ad-free experience offers more features, more stats, and more fun while also helping to support Sporcle. Thank you for becoming a member.

You're not logged in!

Compare scores with friends on all Sporcle quizzes.
OR
Log In

Show Comments

Extras

Top Quizzes Today


Score Distribution

Your Account Isn't Verified!

In order to create a playlist on Sporcle, you need to verify the email address you used during registration. Go to your Sporcle Settings to finish the process.

Report this User

Report this user for behavior that violates our Community Guidelines.

Details: